000 00906nmm a2200277 a 4500
001 ocm000955362
003 TR-IsHL
005 20201028150456.0
008 150110s2014 tu eng
007 cr cn
020 _a9781503037519
035 _a955362
_b(N$T)
050 0 4 _aPR6005.O4
_bS4 2014
090 0 4 _aPR6005.O4
_bS4 2014
100 1 _aConrad, Joseph
245 1 0 _aThe secret agent
_h[electronic resource] /
_cJoseph Conrad ; illustrated by Murat Ukray
260 _aİstanbul :
_bE-Kitap Projesi,
_c2014
300 _a298 p.
650 4 _aDil ve Edebiyat
650 4 _aLanguage and Literature
650 0 _aİngiliz romanı
650 0 _aEnglish fiction
650 7 _aLITERARY COLLECTIONS / European / English, Irish, Scottish, Welsh
_2bisacsh
700 1 _aUkray, Murat
856 4 0 _uhttp://search.ebscohost.com/login.aspx?direct=true&scope=site&db=e011xww&AN=955362
999 _c10493
_d10493